00330nam a2200097Ia 4500008004100000040002900041050003100070100002900101245007100130260003100201230222s9999||||xx |||||||||||||| ||und|| cChuka University Library aBSL THE HB 172.5bM33 2016 aMacharia,Kenneth Kigundu 0aEffect of external public debt on macroeconomic variables in Kenya aCUbChuka Universityc2016